01162nac a22002891u 4500010001600000020002200016020001500038082002000053090001300073100003400086245010600120246004100226246002500267260003700292300003300329490002800362500002000390650002600410650002100436700002400457856009300481856008500574856007300659942002100732999001300753952010600766 a 00052542 a007136188X (pbk.) a007047374900a005.75/6bM4251 c387d387 aMata-Toledo, Ramon A. 10aSchaum's outline of fundamentals of relational databases /cRamon A. Mata-Toledo, Pauline K. Cushman.30aFundamentals of relational databases30aRelational databases aNew York :bMcGraw-Hill,cc2000. avi, 249 p. :bill. ;c28 cm.0 aSchaum's outline series aIncludes index. 0aRelational databases. 0aDatabase design.1 aCushman, Pauline K.423Contributor biographical informationuhttp://www.loc.gov/catdir/bios/mh041/00052542.html423Publisher descriptionuhttp://www.loc.gov/catdir/description/mh021/00052542.html423Table of contentsuhttp://www.loc.gov/catdir/toc/mh021/00052542.html cBBk005.756M4251 c387d387 00104070aMAINbMAINcLOWd2006-04-09ePurchasel0o005.756 MATp000004247r2025-07-15 00:00:00yBB